Cultura musical i /

Guardado en:
Autor Principal: García Cánepa, Julio César
Formato: Libro
Publicado: Buenos Aires : Estrada, 1987
Materias:
Etiquetas: Agregar Etiqueta
Sin Etiquetas, Sea el primero en etiquetar este registro!
LEADER 01544nam a22003615a 4500
001 CEM.cems002721
005 20060220000000.0
008 130507s1987##################000#0#####d
003 CEMS
082 0 4 |a 780.7 
100 1 |a García Cánepa, Julio César 
245 1 0 |a Cultura musical i /  |c Julio César García Cánepa 
260 |a Buenos Aires :  |b Estrada,  |c 1987 
300 |a 139 p. 
505 0 |a Recursos de la m£sica: s¡ncopa; contratiempo; compases compuestos; valores irregulares.-Apreciaaci¢n musical.-Historia de la m£sica: Edad Media; polifon¡a; Renacimiento: América y el R¡o de La Plata. -El mundo del audio.-Cancionero escolar argentino. 
653 |a Cultura musical 
653 |a Musica 
653 |a Historia de la musica 
653 |a Notacion musical 
653 |a Escritura musical 
653 |a Elementos de la musica 
653 |a Sonido 
653 |a Silencio 
653 |a Ruido 
653 |a Instrumentos musicales 
653 |a Clasificacion de voces 
859 |a CEMS  |b BIB. CEMS - 11 de abril  |h 780.7  |i G165  |p 15049.88  |t Ej.1  |v I  |3 I 
859 |a CEMS  |b BIB. CEMS - 11 de abril  |h 780.7  |i G165  |p 15050.88  |t Ej.2  |v I  |3 I 
859 |a CEMS  |b BIB. CEMS - 11 de abril  |h 780.7  |i G165  |p 15051.88  |t Ej.3  |v I  |3 I 
859 |a CEMS  |b BIB. CEMS - 11 de abril  |h 780.7  |i G165  |p 15343.89  |t Ej.4  |v I  |3 I 
859 |a CEMS  |b BIB. CEMS - 11 de abril  |h 780.7  |i G165  |p 15344.89  |t Ej.5  |v I  |3 I 
859 |a CEMS  |b BIB. CEMS - 11 de abril  |h 780.7  |i G165  |p 15345.89  |t Ej.6  |v I  |3 I 
859 |a CEMS  |b BIB. CEMS - 11 de abril  |h 780.7  |i G165  |p 15461.89  |t Ej.7  |v I  |3 I